[Event "Douglas IoM op"]
[Site "Douglas"]
[Date "2017.09.26"]
[Round "4"]
[White "Howell, David"]
[Black "Mekhitarian, Krikor Sevag"]
[Result "1/2-1/2"]
[WhiteElo "2701"]
[BlackElo "2534"]
[Annotator "Mekhitarian,K"]
[PlyCount "77"]
[EventDate "2017.09.23"]
[EventType "swiss"]
[EventRounds "9"]
[EventCountry "IOM"]
[SourceTitle "CBM 181"]
[Source "ChessBase"]
[SourceDate "2017.11.10"]
[SourceVersion "1"]
[SourceVersionDate "2017.11.10"]
[SourceQuality "1"]

1. e4 c5 2. c3 {David Howell was a very tough opponent to prepare against - he
played many different openings and somehow I wasn't expecting 1.e4 and
definitely not the Alapin Variation, that he had played a lot in the past.
After this small surprise, I chose to play an old line I trusted.} Nf6 3. e5
Nd5 4. Nf3 Nc6 5. Bc4 Nb6 6. Bb3 c4 7. Bc2 d5 ({I had bad experiences in the
past in this main line, judging it to be too dangerous after for example:} 7...
Qc7 8. O-O $5 Nxe5 9. Nxe5 Qxe5 10. Re1 Qc7 11. a4 $1 d5 12. Na3 a6 13. a5 Nd7
14. d3 $44 {1-0 (44) Jones,G (2667)-Rowson,J (2565) London 2016, with a very
strong initiative and compensation for the sacrificed pawn.}) 8. exd6 e5 9. O-O
Be6 {The idea is to wait for White to define whether he is taking with the
queen or with the bishop on d3 (after the move d4). On the other hand, I
remembered that White had some strong move on the queenside that could give me
problems, and also that I had to be watching the annoying ...Ng5 all the time.}
(9... Bxd6 {is a fine move, but I had an impression that White obtains an
initiative somehow} 10. d3 cxd3 11. Qxd3 Be6 {this is similar to White's 10th
move analysis} 12. Rd1 (12. Re1 {-- 10.Re1}) (12. Bb3 Qe7 13. Re1 Bxb3 14. axb3
O-O {followed by ...f5, Black is doing fine} 15. Na3 f5 (15... Bxa3 $5 16. bxa3
f5 $36) 16. Nc4 Nxc4 17. Qxc4+ Kh8 18. Bg5 Qf7 (18... Qc7 $11) 19. Qxf7 Rxf7
20. b4 e4 $11 {with a balanced endgame: 1/2-1/2 (41) Adams,M (2740)-Wojtaszek,
R (2733) Biel 2015}) 12... Be7 13. Qe2 Qc7 14. a4 O-O 15. Ng5 (15. a5 Nc4 16.
a6 Rfd8 17. axb7 Rxd1+ 18. Bxd1 Qxb7 $11) 15... Bxg5 16. Bxg5 f5 17. a5 Nd5 18.
a6 h6 19. Bc1 b6 $13 {1-0 (63) Gara,A (2354)-Muzychuk,A (2587) Riga 2017, with
an unbalanced position, Black has potential in the centre, but has to watch
White's bishop pair.}) 10. a4 $1 {There it is! Found over the board by my
opponent, after a long think. This typical Alapin move threatening a5 is
usually a problem, because if Black plays ...a5 avoiding it, then the knight
becomes loose and b5 could be a juicy square for that b1-knight.} (10. Re1 Bxd6
11. d4 cxd3 12. Qxd3 h6 {followed by ...Bc7, trying to exchange queens, Black
is fine. The advantage I remembered from my old preparation, is that White had
already chosen Re1 (and I thought Rd1 was an annoying move).}) (10. d4 cxd3 11.
Bxd3 (11. Qxd3 Qxd6 {trying to exchange queens - the endgame is fine for Black
with this strong pawn on e5} 12. Qxd6 Bxd6 13. Nbd2 f6 14. b3 O-O-O 15. Bb2 Be7
$15 {0-1 (51) Potapov,P (2497)-Kovalev,V (2629) Minsk 2017}) 11... Qxd6 12. Qc2
(12. Ng5 Bd5 $11 {followed by ...Rd8}) 12... Rd8 13. Be4 Bd5 14. Re1 Bxe4 15.
Qxe4 f6 16. Nbd2 g6 17. Nc4 Nxc4 18. Qxc4 Qd5 19. Qxd5 Rxd5 20. Be3 Kf7 $15 {
0-1 (63) Pavasovic,D (2568)-Fier,A (2588) Khanty-Mansiysk 2010, and Black is
doing fine again.}) 10... Bxd6 (10... Qxd6 11. Ng5 $1 Bd5 12. a5 Nd7 13. d3
cxd3 14. Qxd3 $14) (10... a6 11. a5 Nd7 12. d4 cxd3 13. Qxd3 Nc5 14. Qe2 Bxd6 {
White has a dangerous initiative on the kingside with Ng5 right now, or even
moves like Nbd2 followed by Nc4.} 15. Rd1 (15. Ng5 $5 $16 {looks very strong})
(15. Nbd2 $5 $16) 15... Qc7 (15... Nb3 $1 $13 {was very good to complicate
matters}) 16. b4 $2 (16. Nbd2 $1 $16 {and Nc4}) 16... Nb3 17. Bxb3 Bxb3 18. Re1
O-O $11 {0-1 (52) Roberson,P (2397)-Bitalzadeh,A (2383) chess.com INT 2017}) (
10... a5 11. b3 $1 {is very problematic for Black} (11. Na3 $5 Bxd6 12. Nb5 Bb8
13. d4 cxd3 14. Bxd3 h6 15. Re1 O-O 16. Qc2 $14) 11... Bxd6 12. bxc4 Bxc4 13.
Re1 O-O 14. Na3 Bd5 15. Nb5 Bb8 16. d3 Re8 17. Rb1 $16) 11. a5 Nd7 12. d4 cxd3
13. Qxd3 Be7 14. a6 $1 {My knight on c6 will feel very loose without the
b7-pawn.} b6 (14... bxa6 15. Qxa6 Rc8 16. Rd1 O-O 17. Be3 Qc7 18. Na3 $16 {
looks very good for White also.}) 15. Re1 $6 (15. Na3 $1 {was more important
right away, Re1 is not necessarily good, since the e-pawn is safe} Bxa3 16.
Rxa3 h6 {avoiding Ng5} 17. Nd2 $1 $16 {with strong Nc4 and Ne4 threats -
meanwhile Black is still not able to castle.}) 15... Rc8 $1 {Defending the
loose knight on c6 is a very good idea.} 16. Na3 Bxa3 17. Rxa3 f6 $2 (17... h6
$14 {was necessary to avoid Ng5 and at the same time, keep the e6-bishop safe.
I didn't want to play this because now ...f6-Kf7 is no longer an option.} 18.
Ra1 Qc7 $5 {threatening ...Nb4 and also ...Nc5 followed by castling.}) 18. Be3
$2 {Now Black suddenly is fine, my opponent underestimated the idea of playing
...Kf7 and keeping it safe.} (18. Nd4 $1 {was critical} Nc5 19. Qg3 $1 exd4 {
is the move that kept my opponent thinking for a long time} (19... Kf7 {
is just horrible for Black (during the game, I thought this was somehow
playable)} 20. Nxe6 Nxe6 21. Bb3 $18 {followed by f4}) 20. Qxg7 Rf8 21. b4 $1 (
21. Bh6 $2 {is not impressive} Rf7 $1 22. Qg8+ Ke7 $19) (21. Bxh7 Qe7 $1 $15 {
and Black survives}) 21... Rc7 22. Qh6 {if I give up the piece by playing ...
Re7, then I'm simply worse. And ...d3 doesn't work either:} d3 23. Bd1 $1 $18 {
[%csl Rc5,Re6]} (23. bxc5 $6 dxc2 24. Rxe6+ Re7 25. Rxe7+ Nxe7 26. Qd2 $14))
18... Kf7 $1 19. Raa1 (19. Nh4 g6 $1 20. Nxg6 $2 hxg6 21. Qxg6+ Ke7 $19 {
and ...Bf7.}) 19... Qc7 {Threatening ...Nb4, something that my opponent missed
having only 1 minute on the clock to make 20 moves before time control (I had
around 40).} 20. Rad1 $2 (20. Qe2 Nb4 $1 $11 {followed by ...Nd5.}) 20... Nb4
$1 21. Qe2 Nxc2 22. Qxc2 Nb8 23. Qa4 Rhd8 $15 24. h3 {It is not clear how to
improve now. My position is definitely better - my pieces are well placed, his
a6-pawn is weak, and most importantly, his minor pieces are badly placed
hitting my solid structure (f3-knight and e3-bishop).} Qc4 $1 (24... Bd5 {
I thought about this, but didn't see how to proceed after} 25. Nd2 $15) 25. Qa3
Qb3 {Exchanging queens is good to make the a6-pawn even weaker.} 26. Qxb3 Bxb3
27. Rxd8 Rxd8 28. Nd2 Be6 29. Ra1 Bc8 $6 (29... Nc6 $1 {avoiding Bxb6 and
trying to expand my kingside majority.} 30. f3 f5 $15) 30. b4 $1 Bxa6 31. c4 $5
{Suddenly White tries to play for some tricks.} (31. b5 {was already good
enough for a draw} Bxb5 32. Rxa7+ Rd7 (32... Kg6 33. Rb7 Nd7 34. Bxb6 $11) 33.
Bxb6 $11) 31... Rd7 32. b5 Bc8 33. c5 bxc5 34. Ne4 {After all the middlegame
mess, I was short on time with less than a minute, like my opponent!} Rc7 35.
Bxc5 Ke6 36. Bxa7 (36. Rxa7 $11 {forced the draw right away.}) 36... Nd7 37. g4
$6 {This was unnecessary chances.} Bb7 38. Ng3 $6 (38. Nd2 $1 {followed by Be3,
setting up a fortress, and also avoiding ideas like Rd3-Rb3, that could try to
win the b5-pawn.}) 38... g6 (38... Rc3 $1 $17 {followed by ...Rb3 and after
winning the b5-pawn, I have chances to push for a win - the opposite coloured
bishops sometimes is good to create attacking patterns, when there are more
pieces.}) 39. Re1 $15 {Here my opponent offered a draw - we both had 30
seconds, but there was a 30-minute bonus coming in the next move (40). I
wanted to play ...Rc2, but for some reason I got scared of Ne2 (that threatens
a fork on d4, but something I can defend in many ways), and besides that, I
was happy with the overall result, because I was playing a very tough opponent,
and also because I had had very bad position in the opening. Still, my
decision to accept the draw was clearly wrong, since I still had something to
play for: if I'm able to win the b-pawn, then White may have a hard time
defending the endgame, specially after his g4 move. Naturally, he has huge
drawing chances, but there was no risk at all for me. Anyway, a very rich game
full of ideas!} (39. Re1 Rc2 $1 40. Ne2 Kf7 41. Rd1 Ke7 42. Re1 Rb2 $17)
1/2-1/2

[Event "Sao Paulo zt 2.4"]
[Site "Sao Paulo"]
[Date "2001.??.??"]
[Round "6"]
[White "Pelikian, Jefferson"]
[Black "Oblitas Guerrero, Carlomagno"]
[Result "1-0"]
[WhiteElo "2415"]
[BlackElo "2404"]
[Annotator "Melao,H"]
[PlyCount "117"]
[EventDate "2001.06.07"]
[EventType "tourn"]
[EventRounds "9"]
[EventCountry "BRA"]
[EventCategory "8"]
[SourceTitle "CBM 082 Extra"]
[Source "ChessBase"]
[SourceDate "2001.07.03"]
[SourceVersion "1"]
[SourceVersionDate "2001.07.03"]
[SourceQuality "1"]

1. e4 c5 2. c3 Nf6 3. e5 Nd5 4. d4 cxd4 5. Nf3 Nc6 6. cxd4 d6 7. Nc3 e6 8. Bb5
Nxc3 9. bxc3 Bd7 10. exd6 Bxd6 11. O-O Ne7 {'N'} (11... O-O 12. Bd3 f5 (12...
h6 13. Re1 Rc8 14. Ne5 Nxe5 15. dxe5 Be7 16. Qg4 {1/2-1/2 Pomar Salamanca,
A-Garcia Martinez,S/Madrid 1973/MCL (16)}) 13. Re1 Qc7 14. h3 e5 15. Bc4+ Kh8
16. Ng5 h6 17. Nf7+ Rxf7 18. Bxf7 Nd8 19. Bg6 Qxc3 20. dxe5 Bb4 21. Be3 Be6 22.
Re2 Nc6 23. f4 Rd8 24. Qc1 Nd4 25. Bxd4 Qxd4+ 26. Kh1 Ba3 27. Qe1 Qxf4 28. Rd1
Rc8 29. Qa5 Be7 30. Red2 Qg5 31. Qxa7 Qxg6 32. Qxb7 Bg5 33. Rd6 Bf4 34. Qxc8+
Kh7 35. Qxe6 Qg3 36. Qxf5+ {1-0 Meyer,A-Holler,M/Stuttgart 1993/EXT 2001 (36)})
12. Bd3 Ng6 {[%csl Ge5][%cal Ye6e5]} 13. Re1 {[%csl Ye5][%cal Re1e5]} Be7 $2 {
perde tempo sem justificativa.} (13... Bc6 $142 {teria sido muito mais lógico.}
) 14. Be4 $14 Bc6 (14... Rc8 $5) 15. Bxc6+ bxc6 {[%csl Gc3,Rc6,Gd4] com isso
as Brancas resolveram o problema do Peão 'c3' numa coluna semi-aberta, sem
abrir mão do centro.} 16. Qa4 {[%csl Rc6]} Qc7 17. h4 $6 {[%csl Ye5][%cal
Yh4h5,Yf3e5]} (17. Ba3 $142) 17... h5 (17... Nxh4 18. Nxh4 Bxh4 19. d5 Be7 20.
dxe6 O-O 21. Bf4 $16) 18. g3 O-O 19. Ba3 {[%csl Ra3,Ge7]} Rfd8 20. Bxe7 Nxe7
21. Re5 Rd5 22. Rae1 Rad8 23. c4 $6 {[%csl Rd4]} Rxe5 24. Rxe5 g6 $2 (24... Nf5
$132 {[%csl Rd4,Rg3][%cal Yc7g3,Yf5g3,Yf5d4]}) 25. Ra5 Rd7 26. Qb4 $2 (26. c5
f6 27. Ra6 Qb7 28. Kg2 $14 {[%csl Ra7,Rc6,Rd4,Yd5,Re6,Yf5,Rf6,Yg4,Rg6]}) 26...
Nf5 27. Kg2 Nxd4 28. Ne5 Rd8 $2 (28... Qb7 $1 29. Qxb7 Rxb7 30. c5 $1 {[%csl
Ra7,Rc6,Ge5]} f6 $1 (30... Kg7 31. Ra4 $1) 31. Nxg6 e5 {[%csl Ge5,Ge7,Gf4,Gf8,
Rg6,Yh4,Gh8][%cal Yg8g7]} 32. Ra4 $8 {[%csl Rd4][%cal Yg6f4]} Ne6 $17 {[%csl
Rc5,Rg6]}) 29. Qc5 $1 {[%tqu "En","Qual o melhor lance para as Pretas?","","",
"c7b6","",0,"d8d5","",10]} Qb6 $4 (29... Rd5 $142 $1 30. cxd5 Qxe5 31. dxe6 $1
(31. dxc6 Qe4+ 32. Kg1 (32. Kh2 Nf3+ 33. Kh3 Ne1 $1 34. f3 Qxf3 35. Qg1 Qg4+
36. Kh2 Nf3+ $19) 32... Nf3+ 33. Kf1 (33. Kg2 Nd2+) 33... Nd2+ 34. Kg1 Qb1+ 35.
Kh2 Nf3+ 36. Kg2 Ne1+ 37. Kh2 Qe4 $19) 31... Qe4+ 32. Kh2 Nf3+ 33. Kh3 (33. Kg2
$5) 33... Qxe6+ (33... Ne1 $6 34. exf7+ Kh7 35. f3 (35. f8=N+ Kg8 36. f3 Nxf3
37. Qf2 Qg4+ 38. Kg2 Nxh4+ 39. Kf1 Qd1+ 40. Qe1 Qf3+ 41. Qf2 $11) 35... Qe2 36.
Qg1 Nxf3 37. Qg2 Qe6+ 38. g4 $16) 34. Kg2 Qe4 35. Ra3 $1 Nxh4+ 36. Kf1 Nf5 $13)
30. Qe7 $18 Rf8 {[%tqu "En","Qual o melhor lance para as Brancas?","","",
"e7f8","",3,"e5d7","",10,"e5g6","",4]} 31. Qxf8+ (31. Nd7 $1 Qd8 32. Qxf8+ Qxf8
33. Nxf8 Kxf8 34. Rxa7 $18) (31. Nxg6 $5 fxg6 32. Rxa7 Rxf2+ $8 33. Kh3 $1 Qxa7
$8 34. Qxa7 e5 35. a4 $18) 31... Kxf8 32. Nd7+ Kg7 33. Nxb6 axb6 34. Ra6 b5 35.
cxb5 cxb5 36. Rd6 e5 (36... Ne2 37. Rd3 (37. Kf3 Nc3 38. a3 Nd5) 37... Nc1 38.
Rd2 {[%csl Ga2,Gb3,Rc1,Gd3,Ge2][%cal Yg2f1,Yf1e1,Ye1d1,Yd1c1]} b4 39. Kf1 b3
40. a4 $1 $18) 37. f4 $1 f6 (37... Nf5 38. Rb6 exf4 39. Rxb5 Nxg3 40. a4 $18)
38. Rd7+ Kh6 39. fxe5 fxe5 40. Rd5 b4 $1 41. Rxe5 b3 42. a4 $1 b2 $1 43. Re1
Ne2 44. Rb1 Nc3 45. Rxb2 Nxa4 46. Rb5 $1 {[%csl Ra4,Gb2,Gb6,Gc5] as Brancas
precisam manter o Cavalo afastado do Rei preto enquanto o Rei branco vai
caçá-lo a laço. Se o Cavalo chegar a 'g4' ou 'f5', a vitótia torna-se muito
mais difícil.} Nc3 47. Re5 {[%csl Gb5,Gd5,Ge2,Ge4]} Na4 48. Kf3 Nb6 49. Kf4 Nc4
(49... Nd7 50. Re6 Nf8 51. Re7 $18 {[%csl Gd7,Ge6,Rf8][%cal Yf4e5,Ye7f7]}) 50.
Re6 Nd2 51. Re2 Nc4 52. Re6 Nd2 53. Rc6 {[%csl Gc4,Ge4,Gf3]} Nb3 54. Ke5 {
as Brancas conseguiram evoluir muito, centralizando o Rei enquanto o Cavalo
preto permaneceu distante dos Peões. Naturalmente o Rei preto não podia ir de
encontro ao Cavalo porque os Peões cairiam rapidamente.} Kg7 55. Rc7+ Kh6 56.
Rc2 {[%csl Gc1,Gc5,Gd2,Gd4]} Kg7 57. Kd5 Kf6 58. Rb2 Nc1 (58... Na5 59. Rb5 {
[%csl Ra5,Gb3,Gb7,Gc4,Gc6]}) (58... Na1 59. Rf2+ Kg7 60. Kc4 {[%csl Ra1,Gb3,
Gc2][%cal Yf2a2]}) 59. Rf2+ {pondo fim а caçada...} (59. Rf2+ Kg7 60. Kc4 $18 {
[%csl Ga2,Gb3,Rc1,Gd3,Ge2][%cal Yc4c3,Yc3c2]}) 1-0

[Event "Metz op 31th"]
[Site "Metz"]
[Date "2013.07.24"]
[Round "7"]
[White "Bedouin, Xavier"]
[Black "Degraeve, Jean Marc"]
[Result "0-1"]
[WhiteElo "2387"]
[BlackElo "2567"]
[Annotator "Metz Alekhine/Primel,D"]
[PlyCount "80"]
[EventDate "2013.04.20"]
[EventType "swiss"]
[EventRounds "9"]
[EventCountry "FRA"]
[SourceTitle "EXT 2016"]
[Source "ChessBase"]
[SourceDate "2015.10.08"]
[SourceVersion "1"]
[SourceVersionDate "2015.10.08"]
[SourceQuality "1"]
[TimeControl "40/5400:1800+30"]
[WhiteClock "1:30:00"]
[BlackClock "1:30:00"]

1. e4 c5 2. c3 g6 (2... Nf6 3. e5 Nd5 4. d4 cxd4 5. cxd4 d6 6. Nf3 Nc6 7. Bc4
Nb6 8. Bb5 (8. Bxf7+ $5 Kxf7 9. e6+ Kg8 (9... Ke8 $6 {Je me souviens de cette
partie un peu folle jouée par mon ancien camarade de club P. AVELINE car je
participas au même tournoi d'évaluation FIDE joué à Meudon} 10. Ng5 {
Aveline,P-Badii,M (2265) Issy Meudon op 1994 (4) 1/2} (10. d5 $44 {[%csl Re8]})
))) (2... d5) 3. d4 (3. Na3 $5 {Zvjaginsev,V (2675) -Bocharov,D (2571) RUS-ch
1st League 59th 2006 (7) 0-1}) 3... cxd4 4. cxd4 d5 $1 5. e5 (5. exd5) 5... Bg7
6. Nc3 Nc6 7. Bb5 f6 (7... Nh6 {La grande ligne}) 8. f4 (8. Nf3 Bg4) 8... Nh6
9. h3 fxe5 $146 (9... O-O {Pap,M (2507)-Markovic,M (2275) SRB-chT Valjevo 2011
(2.4) 1-0}) (9... Nf5) 10. fxe5 Nf5 11. Nge2 {[%cal Ge2f4,Gf4d5]} (11. Nf3 Ng3
$5) 11... O-O 12. O-O e6 13. g4 Nh4 14. Be3 Bd7 15. Nf4 Rc8 16. Qe2 a6 17. Bxc6
Rxc6 18. Rf2 Be8 {[%cal Gg6g5,Ge8h5]} 19. Raf1 {La position est assez
équilibrée. Les Blancs ont des pièces actives et un petit avantage d'espace
mais ils ont échangé le bon B et le Be3 n'est pas trés bon.} g5 20. Nd3 Rxf2
21. Rxf2 Bg6 $1 $11 {Comme dans une française, les Noirs ont réussi à
activer le mauvais B} (21... h6 {[%cal Ge8g6] Ce coup préparatoire aurait
évité la petite combinaison Nb7 de la partie tout en préparant Bg6} 22. Nc5
Rxc5 $1 23. dxc5 d4 24. Qd3 Bxe5 $44 {[%csl Gd4,Ge5,Ge6,Ge8]}) 22. Nc5 Qe7 23.
Nxb7 $1 Qxb7 24. Bxg5 Qb4 25. Qe3 Rc4 26. Bxh4 Rxd4 {[%csl Gd5]} 27. Be7 (27.
Bf6 Bf8 (27... Bxf6 $2 28. exf6 {[%csl Re6]})) 27... Qc4 28. Rf6 $1 Bxf6 {
Accepte le sacrifice de qualité mais les Blancs ont des bonnes compensations}
(28... Qd3 29. Rf3 (29. Qxd3 Rxd3 30. Rxe6 Kf7)) 29. exf6 Rd3 $1 {[%cal Gd3e3,
Gd3h3]} 30. Qxe6+ Bf7 31. Qf5 $2 (31. Qd7 {[%cal Gd7d8] Menace mat!} h5 (31...
Qd4+ 32. Kg2 Rd2+ 33. Kh1 Rh2+ 34. Kxh2 Qf2+ {Forçant la nulle}) 32. Qd8+ Kh7
33. Qf8 Qd4+ (33... Rg3+ 34. Kh2 Rxh3+ 35. Kxh3 Qf1+) 34. Kg2 Rd2+ 35. Kh1 Rh2+
{Les Noirs doivent forcer la répétition de position dans chaque variante et
celà souligne la force de l'attaque Blanche}) 31... h6 $8 {[%csl Gg5][%cal
Gg8h7] Un coup multifonction qui empêche Qg5 tout en donnant un case de fuite
au K} 32. Qe5 $2 {Les Blancs ont perdu le fil de la partie} Rxh3 33. Kf2 Qxg4
34. Ne2 Qg5 35. Qb8+ Kh7 36. Bc5 Qxf6+ 37. Nf4 Rh2+ 38. Ke3 Qxb2 39. Bb4 Qf2+
40. Kd3 Qf3+ 0-1

[Event "Metz op 31th"]
[Site "Metz"]
[Date "2013.04.23"]
[Round "6"]
[White "Degraeve, Jean Marc"]
[Black "Manolache, Marius"]
[Result "1-0"]
[WhiteElo "2567"]
[BlackElo "2501"]
[Annotator "Metz Alekhine/Primel,D"]
[PlyCount "109"]
[EventDate "2013.04.20"]
[EventType "swiss"]
[EventRounds "9"]
[EventCountry "FRA"]
[SourceTitle "EXT 2016"]
[Source "ChessBase"]
[SourceDate "2015.10.08"]
[SourceVersion "1"]
[SourceVersionDate "2015.10.08"]
[SourceQuality "1"]
[TimeControl "40/5400:1800+30"]
[WhiteClock "1:30:00"]
[BlackClock "1:30:00"]

1. e4 c5 2. Nf3 e6 3. c3 Nf6 4. e5 Nd5 5. Bc4 (5. d4 {La grande ligne}) 5...
Nb6 6. Bb3 d6 7. O-O (7. d4 cxd4 8. cxd4 dxe5 (8... Nc6 9. O-O) 9. Nxe5 Nc6 10.
Nf3 (10. Nxc6) 10... a5 $5 $146 {Peng,X (2590)-Zvjaginsev,V (2646) 4th chT
Shanghai  2008 (16) 0-1} (10... Be7 11. Nc3 Bf6 12. Be3 Na5 13. Bc2 Nac4 14.
O-O Bd7 15. Qe2 Rc8 $11)) 7... Nc6 (7... dxe5) 8. exd6 Bxd6 9. d4 cxd4 10. cxd4
O-O 11. Nc3 h6 {Une ligne secondaire} (11... Be7 12. a3) (11... Bd7 12. Re1 Rc8
13. Ne5 Be8 14. Qg4 Kh8 15. Bf4 Na5 16. Bc2 f5 17. Qg3 Bb4 18. Bb3 Nxb3 19.
axb3 Nd5 20. Bd2 a6 21. Rad1 Bh5 22. Rc1 Nf6 23. Qh4 Be7 24. Bg5 Qe8 25. Qg3 b5
26. Qd3 Bb4 27. Bd2 Qe7 28. Ra1 Qb7 29. Na2 Bd6 30. Bb4 Rfd8 31. Bxd6 Rxd6 32.
Nb4 Rcd8 33. Nc2 Be8 34. Rad1 Bc6 35. f3 a5 36. b4 a4 37. Qc3 Bd5 38. Ne3 Bb3
39. Rd2 f4 40. N3g4 Nxg4 41. fxg4 {Zhigalko,A (2576)-Iturrizaga Bonelli,E 
(2649) Moscow 2012 1/2-1/2 (62)}) 12. Re1 Nd5 13. Nxd5 exd5 14. Ne5 Qf6 $146 (
14... Be6 15. Bf4 Bxe5 16. Bxe5 {Shaw, J (2435)-Juswanto,D (2483) Istanbul ol 
(Men) 34th 2000 (10.3) 1/2-1/2}) 15. Bxd5 Nxe5 16. dxe5 Bxe5 17. Qb3 a5 18. a4
Ra6 19. Be3 Bxb2 20. Rab1 Bc3 21. Rec1 Bb4 22. Bc5 $44 Bxc5 23. Rxc5 Bf5 24.
Rbc1 (24. Bxb7 Bxb1 25. Bxa6) 24... Rb6 25. Qf3 Qg6 26. Rxa5 Rd6 $6 (26... Rb4)
27. Bxb7 Bg4 28. Qe4 Rfd8 29. h3 $14 {Gagnant un tempo important pour la
sécurité du K mais le P "a" peut difficilement avancer} Qxe4 30. Bxe4 Rd4 31.
Bb7 Bd7 32. Ra1 $1 {[%csl Ga4][%cal Ga4a8]} Rb8 33. Bf3 g5 $6 {Les Noirs
essayent d'obtenir du contre-jeu mais c'est un affaiblissement.} 34. Ra7 g4 35.
hxg4 Bxg4 36. Ra8 $1 {La R était mal placée devant le P} Rxa8 37. Bxa8 $16 {
[%csl Ga1,Ga4,Rf7,Rh6] Les Blancs ont maintenant d'excellentes chances de gain}
Bc8 38. Bc6 $1 {[%cal Gc6a4]} Ba6 39. Rb1 {[%cal Gb1b6,Gc6b5]} Kg7 40. Bb5 Rd6
41. Ra1 Rb6 42. Bxa6 Rxa6 {[%csl Ga1,Ra6] la R Noire est mal placée} 43. a5
Kf6 44. Kh2 {[%csl Rh6]} Kg5 45. Kg3 h5 46. Ra4 Kf5 47. Kf3 Ke5 48. Ke3 Kd6 49.
Kf4 Kc7 50. Kg5 Rg6+ 51. Kxh5 Rxg2 52. Rf4 $18 Kd6 53. Rxf7 Ke6 54. Rf3 Rg1 55.
Ra3 1-0